LEADER 01687nam a2200301 i 4500 001 000000135250 003 CaOOAMICUS 005 20250612120021.0 008 050225s1956 it u000 u ita u 040 $aSeMil$bita 100 1 $aKant, Immanuel,$d<1724-1804>.$0(OLS)http://semarc/name/2543 245 10$aScritti politici e di filosofia della storia e del diritto /$cdi Immanuel Kant ; con un saggio di Christian Garve ; tradotti da Gioele Solari e Giovanni Vidari ; edizione postuma a cura di Norberto Bobbio, Luigi Firpo, Vittorio Mathieu. 260 $a[Torino] :$bUnione Tipografico-Editrice Torinese,$c1956. 300 $a692 p., [6] carte di tav. :$bill. ;$c24 cm 490 1 $aClassici politici 650 4$aKant, Immanuel <1724-1804> - Pensiero politico.$0(OLS)http://semarc/subject/56447 700 1 $aGarve, Christian.$0(OLS)http://semarc/name/40477 700 1 $aSolari, Gioele,$d<1872-1952>.$0(OLS)http://semarc/name/33994 700 1 $aMathieu, Vittorio,$d<1923-2020>.$0(OLS)http://semarc/name/4377 700 1 $aBobbio, Norberto,$d<1909-2004>.$0(OLS)http://semarc/name/1206 700 1 $aFirpo, Luigi,$d<1915-1989>.$0(OLS)http://semarc/name/3493 700 1 $aVidari, Giovanni,$d<1871-1934>.$0(OLS)http://semarc/name/12186 830 0$aClassici della politica .$0(OLS)http://semarc/title/7397 850 $aSeMil 852 $aSeMil$W1$xVenegono$y1$m2LA A 18$j258437$B88933$CSeMilBibl$Z2$F93539 $81 996 $6245$aScritti politici e di filosofia della storia e del diritto$9(OLS)http://semarc/title/135549 996 $6260$a[Torino] :$bUnione Tipografico-Editrice Torinese$9(OLS)http://semarc/publisher/29887 LEADER 01036nam a2200217 i 4500 001 000000230140 003 CaOOAMICUS 005 20140528000000.0 008 140528s1767 it u000 u fre u 013 $a209042 026 $aeres X.p. I.um I.(a (3) 1767 (R) 040 $aSeMil$bita 245 10$aTome 4. contenant la continuation de la quatrieme partie du Droit de la nature. 300 $a418, [4] p. 500 $aSegn. : A-2C8 2D4 (-2D4). 773 0 $aBurlamaqui, Jean-Jacques <1694-1748>$tPrincipes du droit de la nature et des gens par J. J. Burlamaqui avec le suite du Droit de la nature qui n'avoit point encore paru. Le tout considérablemente augmenté par mr. le professeur De Felice.$dYverdon : [s.n.], 1766-1768.$g4$w()10177 850 $aSeMil 852 $aSeMil$W1$xVenegono$y1$m2R III 49 FA$j180486$B180486$CSeMilBibl$Z2$F191469 $8I 941 1 $a10 961 $aRecupero: Mantegazza 996 $6245$aTome 4. contenant la continuation de la quatrieme partie du Droit de la nature$9(OLS)http://semarc/title/328946